1048 1032 1755 1735 1595 1108 1295 1447 1047 1224 1435 1781 1725 1603 1188 1048 1835 1188 1662 1750 1517 1260 1877 1609 1840 1576 1713 1010 1914 1385 1901 1338 1516 1325 1450 1434 1934 1780 1403 1734 1221 1518 1667 1370 1142 1682 1189 1779 1547 1883 1179 1965 1011 1924 1132 1657 1969 1287 1703 1215 1413 1888 1917 1308 1772 1461 1508 1064 1170 1934 1646 1656 1765 1249 1601 1312 1361 1618 1868 1742 1117 1589 1629 1145 1642 1101 1670 1902 1701 1902 1615 1316 1414 1253 1861 1920 1198 1604 1162 BCNSPRNW ULIB Ver.6.0+V

เปลี่ยนเป็นภาษาไทย

Change to English
 แสดงรายละเอียดบรรณานุกรม
  กลับหน้าหลัก

Brief Record : Get Marc (ISO 2709) : E-mail record : QR code < ปิดหน้าต่าง
LEADER : 00000nam 2200000uu 4500
001    13399126140
003     ULIB
008    180612s2015||||th 000 0 tha d
020    ^a9781107645622
050 00 ^aPE1128^bC172^cV.9
245 10 ^aCambridge practice tests for IELTS 9
260    ^aCambridge :^bCambridge University Press,^c2015
300    ^a176 p.:^bill. ;^c25 cm.
650 00 ^aInternational English Language Testing System.
650 00 ^aEnglish language^xExaminations, questions, etc.
650 00 ^aEnglish language^xTextbooks for foreign speakers
945    ^p530^l0^i004236
999    ^aวรรณษา ชูชัยมงคล
รายการนี้ยังไม่มีแท็ก
คุณยังไม่ได้ล็อกอิน คุณสามารถมีกิจกรรมร่วมกับเว็บไซต์ได้ แต่ต้องล็อกอินก่อน ::
  ล็อกอิน

รายการสื่อสารสนเทศ

ลำดับที่ ประเภท เลขเรียก/บาร์โค้ด สถานที่ สถานะ
1. วิทยาศาสตร์การแพทย์ และสุขภาพ
หนังสือสำรอง
สถานะ=หนังสือสำรอง
PE1128 C172 V.9 ฉ.1 
  Barcode: 004236
ห้องสมุดวิทยาเขตสวรรค์ประชารักษ์
►หนังสือทั่วไป
บนชั้น

รายการใกล้เคียง
    ชื่อเรื่อง [Cambridge practice tests for IELTS 9]

    หัวเรื่อง [International English Language Testing System.]

BibComment


ยังไม่เคยถูกคอมเมนท์

คอมเมนท์ทรัพยากรรายการนี้
  คอมเมนท์: Cambridge practi..


 Copyright 2026. Bcnsprnw @Library